| 000 | 00355nam a2200145Ia 4500 | ||
|---|---|---|---|
| 003 | GCL | ||
| 008 | 140319s9999 xx 000 0 eng d | ||
| 040 |
_aGCL / _cGCL |
||
| 082 | 0 | 4 |
_a150 _bD P |
| 100 | 1 | _aDARLEY, JOHN M. | |
| 245 | 1 | 0 |
_aPSYCHOLOGY / _cDARLEY, JOHN M. |
| 700 | 1 | _aGLUCKSBERG, SAM | |
| 260 |
_a[S.N] : _bPRENTICE HALL, INC |
||
| 300 | _a676 P | ||
| 999 |
_c12974 _d12974 |
||